The treatment of industrial wastes / (Record no. 233133)
[ view plain ]
| 000 -LEADER | |
|---|---|
| fixed length control field | 00954cam a2200325 a 4500 |
| 001 - CONTROL NUMBER | |
| control field | 1766596 |
| 003 - CONTROL NUMBER IDENTIFIER | |
| control field | BD-DhUL |
| 005 - DATE AND TIME OF LATEST TRANSACTION | |
| control field | 20171214112901.0 |
| 008 - FIXED-LENGTH DATA ELEMENTS--GENERAL INFORMATION | |
| fixed length control field | 750327s1976 nyua b 001 0 eng |
| 020 ## - INTERNATIONAL STANDARD BOOK NUMBER | |
| International Standard Book Number | 0070050473 |
| Terms of availability | $18.95 |
| 035 ## - SYSTEM CONTROL NUMBER | |
| System control number | 1766596 |
| 040 ## - CATALOGING SOURCE | |
| Original cataloging agency | LC |
| Language of cataloging | eng |
| Transcribing agency | LC |
| Modifying agency | NSL:R |
| -- | BD-DhUL |
| 050 00 - LIBRARY OF CONGRESS CALL NUMBER | |
| Classification number | TD897 |
| Item number | .B38 1976 |
| 082 04 - DEWEY DECIMAL CLASSIFICATION NUMBER | |
| Classification number | 628.5/4 |
| 082 04 - DEWEY DECIMAL CLASSIFICATION NUMBER | |
| Classification number | 628.5 |
| Item number | BET |
| 100 10 - MAIN ENTRY--PERSONAL NAME | |
| Personal name | Besselievre, Edmund Bulkley, |
| 245 10 - TITLE STATEMENT | |
| Title | The treatment of industrial wastes / |
| Statement of responsibility, etc. | Edmund B. Besselievre and Max Schwartz. |
| 250 ## - EDITION STATEMENT | |
| Edition statement | 2nd ed. |
| 260 ## - PUBLICATION, DISTRIBUTION, ETC. (IMPRINT) | |
| Place of publication, distribution, etc. | New York : |
| Name of publisher, distributor, etc. | McGraw-Hill, |
| Date of publication, distribution, etc. | c1976. |
| 300 ## - PHYSICAL DESCRIPTION | |
| Extent | viii, 386 p. : |
| Other physical details | ill. ; |
| Dimensions | 24 cm. |
| 500 ## - GENERAL NOTE | |
| General note | Includes index. |
| 504 ## - BIBLIOGRAPHY, ETC. NOTE | |
| Bibliography, etc | Bibliography: p. 371-376. |
| 505 0# - FORMATTED CONTENTS NOTE | |
| Formatted contents note | Includes index. |
| 650 #0 - SUBJECT ADDED ENTRY--TOPICAL TERM | |
| Topical term or geographic name as entry element | Factory and trade waste. |
| 650 #0 - SUBJECT ADDED ENTRY--TOPICAL TERM | |
| Topical term or geographic name as entry element | Sewage |
| General subdivision | Purification. |
| 650 #0 - SUBJECT ADDED ENTRY--TOPICAL TERM | |
| Topical term or geographic name as entry element | Water |
| General subdivision | Pollution. |
| 700 1# - ADDED ENTRY--PERSONAL NAME | |
| Personal name | Schwartz, Max |
| Relator term | jt. aut. |
| 942 ## - ADDED ENTRY ELEMENTS (KOHA) | |
| Source of classification or shelving scheme | |
| Koha item type | Books |
| Price effective from | Date last seen | Permanent Location | Not for loan | Date acquired | Source of classification or shelving scheme | Koha item type | Lost status | Withdrawn status | Source of acquisition | Collection code | Damaged status | Shelving location | Barcode | Current Location | Full call number |
|---|---|---|---|---|---|---|---|---|---|---|---|---|---|---|---|
| 2017-12-14 | 2017-12-14 | Dhaka University Science Library | 1984-04-08 | Books | Purchased | Non Fiction | General Stacks | A260502 | Dhaka University Science Library | 628.5/4 |
